A garden in the Gulf : Flower Garden Banks National Marine Sanctuary.

Bibliographic Details
Main Author: Broussard, Amy
Corporate Authors: Texas A&M University. Sea Grant College Program, United States. Office of Ocean and Coastal Resource Management. Sanctuary Programs Division, Texas State Aquarium
Other Authors: Bright, Thomas J.
Format: Photo Book
Language:English
Published: [Washington, D.C.?] : [National Marine Sanctuary Program?], 1991.
Series:TAMU-SG (Series) ; 92-102.
Subjects:
Online Access:Available freely at TAMU Sea Grant Texas Site

MARC

Tag First Indicator Second Indicator Subfields
LEADER 00000ckm a2200000 a 4500
001 in00001404915
005 20230816173821.7
008 980416s1991 mdunnn ineng d
035 |a (OCoLC)38962406 
035 |9 AHP4423AM 
040 |a TXA  |c TXA  |d UtOrBLW 
049 |a TXAM 
090 |a GC1015  |b .T3 92-102 
100 1 |a Broussard, Amy. 
245 1 2 |a A garden in the Gulf :  |b Flower Garden Banks National Marine Sanctuary. 
264 1 |a [Washington, D.C.?] :  |b [National Marine Sanctuary Program?],  |c 1991. 
300 |a 1 poster :  |b color illustrations, map ;  |c 56 x 86 cm. 
336 |a still image  |b sti  |2 rdacontent 
337 |a unmediated  |b n  |2 rdamedia 
338 |a sheet  |b nb  |2 rdacarrier 
490 1 |a TAMU-SG ;  |v 92-102 
500 |a Printed on both sides. 
500 |a "Developed by the Texas A&M University Sea Grant College Program in cooperation with the National Marine Sanctuary Program and the Texas State Aquarium." 
500 |a "Text: Amy Broussard and Dr. Thomas J. Bright; Design: Amy Broussard." 
500 |a "September 1991." 
651 0 |a Flower Garden Banks National Marine Sanctuary (Tex.) 
710 2 |a Texas A&M University.  |b Sea Grant College Program. 
710 1 |a United States.  |b Office of Ocean and Coastal Resource Management.  |b Sanctuary Programs Division. 
700 1 |a Bright, Thomas J. 
710 2 |a Texas State Aquarium. 
830 0 |a TAMU-SG (Series) ;  |v 92-102. 
856 4 1 |u https://drive.google.com/file/d/1pKfcxY-2uQs8juIodNfpR4_L93pGgj00/view  |z Available freely at TAMU Sea Grant Texas Site  |t 0 
948 |a oc:br 
999 |a MARS 
999 f f |s 655bfc0c-8861-3a12-8cb5-ea94a93358e1  |i 4841dcdd-0b7b-3df3-8fc5-9b3211b23404  |t 0 
952 f f |p noncirc  |a Texas A&M University  |b College Station  |c Cushing Memorial Library & Archives  |d Cushing: Texas A&M (Does not check out)  |t 0  |e GC1015 .T3 92-102  |f Flat File  |h Library of Congress classification  |i unmediated -- sheet 
998 f f |a GC1015 .T3 92-102  |t 0  |l Cushing: Texas A&M (Does not check out)